LEADER 01288nam a2200265 u 4500 001 000000111736 003 CaOOAMICUS 005 20080519142032.0 008 080519s2006 it u000 u ita u 020 $a88-217-2351-8 040 $aPUL$bita$dMCT 100 1 $aFabio, Massimo.$0(OLS)http://pul/name/67864 245 10$aManuale delle verifiche fiscali :$bguida operativa dei controlli fiscali nazionali e internazionali /$cMassimo Fabio. 260 $a[S.l.] :$bIpsoa,$c2006. 300 $axv, 463 p. ;$c24 cm. 490 1 $aManuali operativi 650 4$aFisco.$0(OLS)http://pul/subject/17813 830 0$aManuali operativi.$0(OLS)http://pul/title/139184 850 $aPUL 852 $aPUL$W1$xSL Diritto e Scienze Sociali 3$y79$m336 FABMA 1$j128037$qDDC 21$B126778$CPULBib$Z2$F126778 $H107497 $82 852 $aPUL$W1$xSL Diritto e Scienze Sociali 3$y79$m336 FABMA 1 CD$j128039$aCD$qDDC 21$B126780$CPULBib$Z2$F126780 $H107498 $82 941 1 $a9 996 $6020$a88-217-2351-8$9(OLS)http://pul/number/138091 996 $6245$aManuale delle verifiche fiscali :$bguida operativa dei controlli fiscali nazionali e internazionali$9(OLS)http://pul/title/140535 996 $6260$a[S.l.] :$bIpsoa$9(OLS)http://pul/publisher/77155 LEADER 01118nam a2200265 a 4500 001 000000155318 003 CaOOAMICUS 005 20161019171453.0 008 161019s1958 it u000 u ita r 032 $aLibriCat 040 $aPUL$bita 100 1 $aVitta, Edoardo.$0(OLS)http://pul/name/23948 245 10$aStudi sui trattati / $cEdoardo Vitta . 260 $aTorino :$bGiappichelli,$c1958. 300 $a110 p. ; $c25 cm. 490 1 $aUniversità di Torino. Memorie dell'Istituto giuridico. Serie II ;$v101 504 $aContiene riferimenti bibliografici. 650 04$aDiritto internazionale$xStudi.$0(OLS)http://pul/subject/26811 830 0$aMemorie dell'Istituto giuridico (Università di Torino).$nSerie II ;$v101.$0(OLS)http://pul/title/2705 850 $aPUL 852 $aPUL$W1$xDP1 Cons. Gen., Altre Classi 1$y22$m1039 F 2.101$j178386$qStampati$B181602$CPULBib$Z2$F181602 $H19679 $81 941 1 $a8 996 $6245$aStudi sui trattati / $9(OLS)http://pul/title/194964 996 $6260$aTorino :$bGiappichelli$9(OLS)http://pul/publisher/48244